000 01045nam a22003137a 4500
003 CHAP
005 20220329134049.0
008 971013s1947 r 00010 d
010 _a14845
011 _a15817
035 _a19894
040 _cCHAP
082 _a631.45
_bB45e
100 0 0 _aBennett, Hugh Hammond.
_911613
245 _aElements of soil conservation
260 _aNew York :
_bMcGraw-Hill,
_c1947
300 _a406 p.
_b: ilus.
590 _aBATCH-UPD
_b10
_c20130110
_lUCH01
_h2005
590 _aBATCH-UPD
_b10
_c20130410
_lUCH01
_h1325
590 _aBATCH-UPD
_b10
_c20130914
_lUCH01
_h1315
590 _aCONVERSION
_b10
_c20130109
_lUCH01
_h1309
650 1 4 _aErosión
_xPrevención y control.
_937337
650 1 4 _aSuelos
_xConservación.
_9110283
901 _aBK
942 _cLIBRO
949 _a631.45 B45e
_bBC
_cLIBRO
_d33724000072484
_eLIBRO
_fc.2
_h21223
_i19894
_si
949 _a631.45 B45e
_bBC
_cLIBRO
_d33724000072591
_eLIBRO
_fc.3
_h51573
_i19894
_si
949 _a631.45 B45e
_bBC
_cLIBRO
_d33724000072609
_eLIBRO
_h21222
_i19894
_si
999 _c14845
_d14845